| 000 | 00381cas a2200121 4500 | ||
|---|---|---|---|
| 008 | 150729n eng u | ||
| 035 | _a(Sirsi) a191271 | ||
| 050 | _aHD 1415 TSU | ||
| 245 |
_aProductivity and Technological progress in japanese Agriculture, _cKeizo tsuchiya |
||
| 260 |
_aTokyo: _bUniversity of Tokyo Press, _c1976 |
||
| 300 | _axxiii, 261p. | ||
| 650 | _aAgriculture | ||
| 999 |
_c124703 _d124703 |
||